000 00772nam a2200289Ia 4500
005 20260324145907.0
008 008 260324s9999 xx 000 0 eng d
020 _a9781003454656
037 _aEBOOK
040 _aCRL
040 _beng
040 _cCRL
041 _2eng
041 _aeng
084 _qCRL
100 _aHoward R. Pollio; Jack M. Barlow; Harold J. Fine; Marilyn R. Pollio
_91224562
245 0 _aPsychology and the Poetics of Growth
245 0 _bFigurative Language in Psychology, Psychotherapy, and Education
260 _bTaylor and Francis
260 _c1977
365 _a
365 _b160
856 _uhttp://www.taylorfrancis.com/books/9781003454656
942 _cEBOOK
999 _c1833105
_d1833105